| 000 | 00683nam a2200229Ia 4500 | ||
|---|---|---|---|
| 003 | OSt | ||
| 005 | 20251105191728.0 | ||
| 008 | 210423s2011 xx 000 0 und d | ||
| 020 | _a9788130915319 | ||
| 040 | _cAL | ||
| 041 | _aEnglish | ||
| 082 |
_a362.19639 _bLEAW |
||
| 100 |
_aHoward D Leathers _9105380 |
||
| 245 |
_aWorld food problem _b: toward ending undernutrition in the third world |
||
| 250 | _a4 | ||
| 260 |
_aNew Delhi _bViva Books Pvt Ltd _c2011 |
||
| 300 |
_axxi,460p. _bPB _c22.5x15cm. |
||
| 365 |
_b695 _cINR |
||
| 700 |
_aFoster, Phillips _9244166 |
||
| 906 | _aending ; food ; problem: ; third ; toward ; undernutrition ; World ; world. | ||
| 942 |
_2ddc _cBK |
||
| 999 |
_c164837 _d164837 |
||